000 01469cam a2200241 4500
001 L136901
008 070301n2005 000 0 eng u
035 _a(Sirsi) u136901
041 0 _aeng
050 _a711.1 $2 18
110 2 _aUnited Kingdom
_bOffice of the Deputy Prime Minister
245 0 4 _aThe Town and Country Planning (Residential Density) (London, South East England, South West England, East of England and Northamptonshire) Direction 2005
_h[electronic resource]
260 _aLondon
_bODPM
_c2005
490 0 _aODPM Circular
_v 01 $2 005
520 _aGives effect to the extension of the Density Direction. A copy of the Direction, which came into force on 28 February 2005, forms the Annex to this Circular. This Direction replaced the Town and Country Planning (Residential Density) (London and the South East) Direction 2002 which covered London and the South East. It extends the geographical coverage of the 2002 Direction to include the South West of England, the remainder of the East of England and Northamptonshire.
520 _aCircular cancelled and no longer available. LC 29/8/11.
650 2 4 _aODPM CIRCULAR 01/2005
650 2 4 _aPLANNING POLICY GUIDANCE NOTE THREE
651 4 _aEngland
_y886-
690 _aENVIRONMENTAL AND LAND CONSULTANCY-SUSTAINABILITY-SUSTAINABLE DEVELOPMENT
856 4 0 _uhttps://www.communities.gov.uk/index.asp?id=1144325
_zView the circular free of charge at www.communities.gov.uk...
942 _n0
999 _c106535
_d106535